000 00973nas a22003017a 4500
003 OSt
005 20190430075819.0
008 190228c xxum||p| |||| 00| 0 spa d
022 _203253627
040 _cPJ
245 1 0 _aImpuestos :
_btributario, laboral, seguridad social /
_cdirector Marcelo Ramón Lascano.
260 _aCiudad Autónoma de Buenos Aires :
_bThomson Reuters La Ley,
_c2012-
300 _av.
_c24 cm.
310 _amensual
362 _aNo. 1 (2012) - No. 3 (2017)
500 _aUbicada en Hemeroteca.
650 0 _9339
_aDERECHO TRIBUTARIO
650 0 _9695
_aIMPUESTOS
700 _94113
_aLascano, Marcelo Ramón
_edirector
942 _2udc
_cPP
_h336(05)
_iREV
999 _c2712
_d2712